LEADER 01231nam a2200265 u 4500 001 000000051798 003 CaOOAMICUS 005 20070226115358.0 008 000927s1968 it u000 u ita u 035 $a10856674 040 $aPUL(R)$bita 100 1 $aMazzarella, Ferdinando.$0(OLS)http://pul/name/37164 245 10$aArbitrato e processo :$bpremesse per uno studio sull'impugnazione del lodo /$cFerdinando Mazzarella. 260 $aPadova :$bCEDAM,$c1968. 300 $a187 p. ;$c25 cm 490 1 $aPubblicazioni dell'Istituto di diritto processuale civile dell'Università di Roma ;$v1 504 $aBilbiografia in nota. 650 4$aDiritto processuale civile.$0(OLS)http://pul/subject/1785 830 0$aPubblicazioni dell'Istituto di diritto processuale civile (Università di Roma) ;$v1.$0(OLS)http://pul/title/69535 850 $aPUL 852 $aPUL$W1$xDP1 Fondo Ciprotti$y59$m1540 D 39$j68584$nBK-PRI$b $qFondi$B68584$CPULBib$Z2$F68584 $H $81 941 1 $a1 961 $aINV: F. Ciprotti 996 $6245$aArbitrato e processo :$bpremesse per uno studio sull'impugnazione del lodo$9(OLS)http://pul/title/69538 996 $6260$aPadova :$bCEDAM$9(OLS)http://pul/publisher/48126 LEADER 01886nam a2200289 u 4500 001 000000069648 003 CaOOAMICUS 005 20070226121932.0 008 020417m18331834it u000 u ita u 035 $a10926926 040 $aPUL(R)$bita 110 1 $aSanta Sede.$0(OLS)http://pul/name/987 245 10$aDocumenti relativi alle contestazioni insorte fra la Santa Sede e il governo francese. 260 $a[S. l. :$bs. n.],$c1833-34. 300 $a5 v. in 3 ;$c15 cm 500 $av. 5. "Supplemento ai documenti relativi alle contestazioni insorte tra la Santa Sede ed il governo francese : comprende l'epoca della lunga cattività del sommo pontefice Pio VII cioè dal settembre 1809 al marzo 1814". 610 14$aSanta Sede$xDocumenti e corrispondenza.$0(OLS)http://pul/subject/12004 650 4$aChiesa e stato$zFrancia.$0(OLS)http://pul/subject/1313 850 $aPUL 852 $aPUL$W1$xDP1 Antico 800$y27$m126 D 39-41$j90142$nBK-PRI$b $qStampati Antico$B90142$CPULBib$Z2$F90142 $H $81 852 $aPUL$W1$xDP1 Antico 800$y27$m126 D 39-41$j90142$nBK-PRI$b $qStampati Antico$B90143$CPULBib$Z2$F90143 $H $81 852 $aPUL$W1$xDP1 Antico 800$y27$m126 D 39-41$j90142$nBK-PRI$b $qStampati Antico$B90144$CPULBib$Z2$F90144 $H $81 852 $aPUL$W1$xDP1 Antico 800$y27$m126 D 39-41$j90142$nBK-PRI$b $qStampati Antico$B90145$CPULBib$Z2$F90145 $H $81 852 $aPUL$W1$xDP1 Antico 800$y27$m126 D 39-41$j90142$nBK-PRI$b $qStampati Antico$B90146$CPULBib$Z2$F90146 $H $81 941 1 $a15 996 $6245$aDocumenti relativi alle contestazioni insorte fra la Santa Sede e il governo francese$9(OLS)http://pul/title/91948 996 $6260$a[S. l. :$bs. n.]$9(OLS)http://pul/publisher/47882